100 meilleurs joueurs de FIFA 11 - Statistiques

Statistiques générales
  • Ce quiz a été pris 106 fois
  • Le résultat moyen est 61 sur 100
Statistiques - réponses
Poste Club Nationalité Note Réponse % Correct
AD Real Madrid Portugal 89 Cristiano Ronaldo
99%
AD FC Barcelone Argentine 90 Lionel Messi
98%
MOC FC Barcelone Espagne 87 Andrés Iniesta
97%
BU Chelsea Côte d'Ivoire 88 Didier Drogba
96%
G Real Madrid Espagne 89 Iker Casillas
95%
BU Manchester United Angleterre 88 Wayne Rooney
94%
MC FC Barcelone Espagne 87 Xavi
94%
G Juventus Italie 86 Gianluigi Buffon
90%
DC FC Barcelone Espagne 87 Carles Puyol
89%
MD Bayern Munich Pays Bas 87 Arjen Robben
87%
DC FC Barcelone Espagne 85 Gerard Piqué
86%
BU FC Barcelone Espagne 88 David Villa
85%
MG Bayern Munich France 86 Franck Ribéry
85%
DD Bayern Munich Allemagne 86 Philipp Lahm
85%
BU Liverpool Espagne 86 Fernando Torres
84%
MOC Chelsea Angleterre 87 Frank Lampard
84%
BU Atlético Madrid Uruguay 87 Diego Forlán
83%
DC Manchester United Serbie 87 Nemanja Vidić
83%
BU Milan AC Suède 85 Zlatan Ibrahimovic
83%
BU Real Madrid France 83 Karim Benzema
82%
MOC Liverpool Angleterre 86 Steven Gerrard
82%
DC Chelsea Angleterre 86 John Terry
80%
BU Ajax Amsterdam Uruguay 83 Luis Suárez
80%
G Schalke 04 Allemagne 85 Manuel Neuer
80%
DC Real Madrid Portugal 84 Pepe
80%
AT Arsenal Pays Bas 86 Robin van Persie
80%
BU Manchester City Argentine 84 Sergio Agüero
78%
G FC Barcelone Espagne 85 Victor Valdés
78%
MOC Real Madrid Brésil 86 Kaka
77%
DC Manchester United Angleterre 86 Rio Ferdinand
77%
MC Chelsea Ghana 85 Michaël Essien
76%
MOC Inter Milan Pays Bas 86 Wesley Sneijder
76%
MOC Manchester City Espagne 85 David Silva
75%
BU Wolfsburg Bosnie 85 Edin Džeko
75%
DC Manchester City Côte d'Ivoire 84 Kolo Touré
75%
BU Inter Milan Cameroun 84 Samuel Eto'o
75%
DD Real Madrid Espagne 85 Sergio Ramos
75%
DC Milan AC Brésil 83 Thiago Silva
75%
MDC Manchester City Côte d'Ivoire 83 Yaya Touré
75%
MC Arsenal Espagne 86 Cesc Fàbregas
74%
DC Juventus Italie 85 Giorgio Chiellini
73%
BU Real Madrid Argentine 85 Gonzalo Higuaín
73%
G Chelsea République Tchèque 84 Petr Cech
73%
AT Manchester City Argentine 86 Carlos Tévez
70%
BU Chelsea France 86 Nicolas Anelka
70%
DD FC Barcelone Brésil 84 Dani Alves
69%
G Inter Milan Brésil 87 Júlio César
68%
DG Manchester United France 84 Patrice Evra
68%
G Lyon France 84 Hugo Lloris
67%
MC Real Madrid Espagne 85 Xabi Alonso
67%
DG Chelsea Angleterre 84 Ashley Cole
65%
DD Inter Milan Brésil 86 Maicon
65%
G Marseille France 83 Steve Mandanda
65%
MOC Real Madrid Allemagne 83 Mesut Özil
63%
MC Bayern Munich Allemagne 85 Bastian Schweinsteiger
62%
AG Arsenal Russe 85 Andrey Arshavin
61%
BU Inter Milan Argentine 86 Diego Milito
61%
G Manchester United Pays Bas 83 Edwin van der Sar
61%
G Liverpool Espagne 85 José Reina
61%
BU Lyon Argentine 84 Lisandro López
61%
AG Manchester United Portugal 83 Nani
60%
MDC FC Barcelone Argentine 84 Javier Mascherano
59%
MG Chelsea France 84 Florent Malouda
58%
DC Milan AC Italie 84 Alessandro Nesta
56%
MOC Arsenal France 84 Samir Nasri
56%
BU Manchester City Togo 83 Emmanuel Adebayor
54%
BU Bayern Munich Allemagne 83 Mario Gómez
54%
AD Manchester United Equateur 83 Antonio Valencia
52%
BU Bayern Munich Allemagne 83 Miroslav Klose
52%
DC Real Madrid Portugal 84 Ricardo Carvalho
52%
MDC AS Rome Italie 83 Daniele De Rossi
49%
AG Milan AC Brésil 83 Ronaldinho
48%
DC Inter Milan Brésil 85 Lucio
47%
AT Milan AC Brésil 83 Alexandre Pato
44%
AG Udinese Italie 83 Antonio Di Natale
44%
AD FC Porto Brésil 83 Hulk
44%
MDC Lyon France 83 Jérémy Toulalan
42%
MD FC Séville Espagne 84 Jesús Navas
42%
MOC Lyon France 83 Yoann Gourcuff
39%
MD LA Galaxy USA 83 Landon Donovan
38%
G CSKA Moscou Russie 84 Igor Akinfeev
34%
MC Bayern Leverkusen Allemagne 84 Michael Ballack
33%
DC Inter Milan Argentine 86 Walter Samuel
32%
G Fiorentina France 83 Sebastien Frey
30%
MDC Inter Milan Argentine 84 Esteban Cambiasso
29%
MOC Tottenham Pays Bas 84 Rafael van der Vaart
29%
DC Chelsea Brésil 83 Alex
27%
DC Arsenal Belgique 83 Thomas Vermaelen
26%
BU FC Séville Mali 83 Frédéric Kanouté
23%
DC Werder Brême Allemagne 83 Per Mertesacker
20%
BU FC Séville Brésil 84 Luís Fabiano
18%
G Manchester City Irlande 84 Shay Given
18%
AT Sampdoria Italie 84 Antonio Cassano
16%
DC AS Rome Brésil 84 Juan
16%
DC Real Madrid Espagne 83 Raúl Albiol
16%
G Tottenham Brésil 83 Gomes
14%
AG Aston Villa Angleterre 83 Ashley Young
13%
BU Fenerbahçe Sénégal 83 Mamadou Niang
12%
MOC Benfica Argentine 83 Pablo Aimar
12%
G Bayer Leverkusen Allemagne 84 René Adler
9%
Aucun quiz correspondant
Distribution des résultats
% des personnes avec chaque résultat
Percentile par nombre de réponses
Votre historique - résultats
Vous n’avez pas pris ce quiz